000
00343cam a2200145ua 4500
041
_a
eng
_h
082
_a
823.308
_b
DUM/BL
100
_a
Dumas, Alexandre .
245
_a
Black tulip /
_c
Alexandre Dumas.
_h
Textual Documents
260
_a
London :
_b
Longman ,
_c
1964.
300
_a
106 ; .
504
_a
942
_c
BK
999
_c
2606
_d
2606